logo

Bir Sreshtho Munshi Abdur Rouf Library
Jhenaidah Cadet College

শব্দ দিয়ে বুদ্ধির খেলা / (Record no. 13534)

MARC details
000 -LEADER
fixed length control field 00686nam a2200229 a 4500
001 - CONTROL NUMBER
JCCL Control Number 13534
003 - CONTROL NUMBER IDENTIFIER
JCCL marc code BD-JhCC
005 - DATE AND TIME OF LATEST TRANSACTION
control field 20240118100752.0
008 - FIXED-LENGTH DATA ELEMENTS--GENERAL INFORMATION
fixed length control field 230810b2018 bg |||| ||a| 000 0 ben d
020 ## - INTERNATIONAL STANDARD BOOK NUMBER
International Standard Book Number 9789848072066
035 ## - SYSTEM CONTROL NUMBER
system control number (BD-JhCC)13534
040 ## - CATALOGING SOURCE
Original cataloging agency BD-JhCC
Modifying agency BD-JhCC
041 ## - LANGUAGE CODE
Language code of Book bengali
082 ## - DEWEY DECIMAL CLASSIFICATION NUMBER
Classification number 794.8
Author mark and Year JON 20218
100 ## - MAIN ENTRY--PERSONAL NAME
Personal name জোনাক,শাহ জালাল
245 ## - TITLE STATEMENT
Title শব্দ দিয়ে বুদ্ধির খেলা /
Statement of responsibility, etc শাহ জালাল জোনাক ।
260 ## - PUBLICATION, DISTRIBUTION, ETC. (IMPRINT)
Place of publication, distribution, etc ঢাকা:
Name of publisher, distributor, etc অধ্যয়ন;
Date of publication, distribution, etc 2018.
300 ## - PHYSICAL DESCRIPTION
Pagination 183 p. :
Dimensions 22 cm.
650 ## - SUBJECT ADDED ENTRY--TOPICAL TERM
Topical term or geographic name as entry element Puzzle.
Geographic subdivision knowledge
942 ## - ADDED ENTRY ELEMENTS (KOHA)
Source of classification or shelving scheme Dewey Decimal Classification
Koha item type Books
Holdings
Source of classification or shelving scheme Damaged status Not for loan Home library Current library Shelving location Date of accession Cost, normal purchase price Total Checkouts Full call number Barcode Date last seen Copy number Method of acquisition Koha item type Currency
Dewey Decimal Classification     JCC Rouf Library JCC Rouf Library General Stacks 01/18/2024 225.00   794.8 JON 20218 18380 01/18/2024 C-1 Purchase Books BDT

JCC Library | Contacts | JCC Home

Last Update on 23 September 2017
Copyright @ 2017-2020 JCC Rouf Library
Rouf Library, Jhenidah Cadet College (JCC), Bangladesh